Top 100 Male Names, 1914-2013 - Statistics

General Stats
  • This quiz has been taken 899 times
  • The average score is 42 of 100
Answer Stats
Hint Answer % Correct
2 John
96%
1 James
85%
74 Willie
84%
4 Michael
82%
18 George
79%
6 David
78%
10 Thomas
76%
13 Matthew
74%
16 Paul
74%
54 Peter
74%
3 Robert
72%
21 Andrew
71%
12 Daniel
69%
17 Mark
68%
7 Richard
67%
35 Stephen
67%
19 Steven
67%
5 William
67%
9 Charles
66%
11 Christopher
66%
88 Harry
66%
47 Jack
65%
57 Jose
65%
52 Henry
63%
22 Edward
61%
34 Jacob
59%
44 Samuel
59%
38 Frank
57%
8 Joseph
56%
50 Alexander
55%
45 Benjamin
55%
36 Jonathan
55%
32 Nicholas
54%
15 Anthony
52%
58 Adam
51%
27 Timothy
51%
25 Kevin
50%
24 Brian
49%
14 Donald
49%
23 Joshua
49%
72 Joe
45%
31 Ryan
45%
33 Eric
44%
28 Jason
44%
46 Patrick
44%
90 Alan
43%
61 Nathan
43%
26 Ronald
42%
40 Justin
39%
69 Albert
38%
59 Zachary
38%
55 Aaron
37%
30 Gary
37%
20 Kenneth
37%
43 Gregory
36%
70 Jeremy
36%
64 Arthur
34%
63 Carl
34%
84 Ethan
34%
60 Harold
34%
29 Jeffrey
32%
85 Louis
32%
77 Christian
31%
62 Kyle
31%
37 Larry
30%
92 Philip
30%
56 Walter
30%
96 Vincent
29%
73 Sean
28%
41 Brandon
27%
42 Raymond
26%
39 Scott
26%
79 Billy
25%
49 Jerry
25%
87 Jordan
25%
68 Keith
25%
51 Tyler
25%
48 Dennis
23%
91 Juan
23%
67 Lawrence
23%
80 Bruce
21%
66 Roger
21%
94 Dylan
20%
99 Phillip
20%
97 Bobby
18%
65 Gerald
18%
71 Terry
18%
53 Douglas
15%
75 Jesse
15%
86 Wayne
15%
95 Howard
14%
76 Austin
13%
81 Bryan
13%
98 Johnny
12%
89 Russell
11%
78 Ralph
10%
82 Roy
10%
100 Shawn
10%
93 Randy
8%
83 Eugene
6%
No matching quizzes found
Score Distribution
Percent of People with Each Score
Percentile by Number Answered
Your Score History
You have not taken this quiz